Διεθνής πολιτική οικονομία : θεωρία, δομή και προκλήσεις της παγκόσμιας οικονομίας
Αποθηκεύτηκε σε:
| Συγγραφή απο Οργανισμό/Αρχή: | |
|---|---|
| Άλλοι συγγραφείς: | , |
| Μορφή: | Βιβλίο |
| Γλώσσα: | Greek |
| Δημοσίευση: |
Αθήνα :
Παπαζήσης,
2012.
|
| Έκδοση: | 2η έκδοση επαυξημένη και βελτιωμένη. |
| Θέματα: | |
| Ετικέτες: |
Προσθήκη ετικέτας
Δεν υπάρχουν, Καταχωρήστε ετικέτα πρώτοι!
|
MARC
| LEADER | 00000nam a2200000 a 4500 | ||
|---|---|---|---|
| 001 | 1/112896 | ||
| 008 | 170201s2012####gr | ||| |||| ||gre|| | ||
| 020 | |a 9789600228274 | ||
| 040 | |a GR-MyUa |b gre |c GR-MyUa |e AACR2 | ||
| 041 | 0 | |a gre | |
| 082 | 7 | |a 337 |2 (23) | |
| 110 | 2 | |a Ινστιτούτο Διεθνών Οικονομικών Σχέσεων. | |
| 245 | 1 | 0 | |a Διεθνής πολιτική οικονομία : |b θεωρία, δομή και προκλήσεις της παγκόσμιας οικονομίας / |c Ινστιτούτο Διεθνών Οικονομικών Σχέσεων ; επιμέλεια: Αντώνης Κόντης, Χαράλαμπος Τσαρδανίδης. |
| 250 | |a 2η έκδοση επαυξημένη και βελτιωμένη. | ||
| 260 | |a Αθήνα : |b Παπαζήσης, |c 2012. | ||
| 300 | |a 1100 σ. ; |c 24 εκ. | ||
| 504 | |a Περιλαμβάνει βιβλιογραφικές παραπομπές. | ||
| 650 | 0 | |a International economic relations. | |
| 650 | 0 | |a Commercial policy. | |
| 650 | 0 | |a Consumption (Economics) |x Government policy. | |
| 650 | 0 | |a International trade. | |
| 700 | 1 | |a Κόντης, Αντώνης, |e edt | |
| 700 | 1 | |a Τσαρδανίδης, Χαράλαμπος Γ. |e edt | |
| 852 | |a INST |b RHODES |c EUDOXUS |e 20170201 |h 337 ΔΙΕ |p 005400039110 |q 005400039110 |t EDX |y 0 | ||
| 920 | |a Εύδοξος |b Παραγγελία |y Ρόδος-ΤΜΣ |z 2017-01 | ||
| 970 | |z 01-02-2017 | ||